书目信息 |
| 题名: |
中小型制冷设备电路图及维修大全
|
|
| 作者: | 马旭升 , 徐德胜 主编 | |
| 分册: | ||
| 出版信息: | 上海 上海交通大学出版社 1993.11 |
|
| 页数: | 480页 | |
| 开本: | 16开 | |
| 丛书名: | ||
| 单 册: | ||
| 中图分类: | TB657 | |
| 科图分类: | ||
| 主题词: | 制冷--机械 , 制冷--设备 | |
| 电子资源: | ||
| ISBN: | 7-313-01155-5 | |
| 000 | 00680nam0 2200217 45 | |
| 001 | 0010242003 | |
| 005 | 20001024204625.0 | |
| 010 | @a7-313-01155-5@d25.00元 | |
| 100 | @a20001024d1993 km y0chiy0120 ea | |
| 101 | 0 | @achi |
| 105 | @a z 000yy | |
| 200 | 1 | @a中小型制冷设备电路图及维修大全@AZhong Xiao Xing Zhi Leng She Bei Dian Lu Tu Ji Wei Xiu Da Quan@f马旭升,徐德胜主编@FMa Xu Sheng,Xu De Sheng Zhu Bian |
| 210 | @a上海@c上海交通大学出版社@d1993.11 | |
| 215 | @a480页@d16开 | |
| 606 | 0 | @a制冷@x机械 |
| 606 | 0 | @a制冷@x设备 |
| 690 | @aTB657@v3 | |
| 701 | 0 | @a马旭升@4主编 |
| 701 | 0 | @a徐德胜@4主编 |
| 801 | @aCN@bPftUser@c20001024 | |
| 905 | @b187225-227@dTB657@eM798@f3 | |
| 中小型制冷设备电路图及维修大全/马旭升,徐德胜主编.-上海:上海交通大学出版社,1993.11 |
| 480页;16开 |
| ISBN 7-313-01155-5:25.00元 |
| ● |
| 相关链接 |
|
|
|
正题名:中小型制冷设备电路图及维修大全
索取号:TB657/M798
 
预约/预借
| 序号 | 登录号 | 条形码 | 馆藏地/架位号 | 状态 | 备注 |
| 1 | 187225 | 201872250 | 自科库501/501自科库 18排2列5层/ [索取号:TB657/M798] | 在馆 | |
| 2 | 187226 | 201872269 | 期刊室512/501自科库 18排2列1层/ [索取号:TB657/M798] | 在馆 | |
| 3 | 187227 | 201872278 | 自科库501/501自科库 18排2列5层/ [索取号:TB657/M798] | 在馆 |